| 000 | 00339 a2200085 4500 | ||
|---|---|---|---|
| 245 | 0 | 0 |
_aElektroniczne przyrządy pomiarowe - Wymagania i badania dotyczace bezpieczeństwa obsługi PN-84/T-06500/05 / _cMin. Hutn. I Przem. Masz.. |
| 246 | 1 | 3 | _aPN-84/T-06500/05 |
| 260 |
_aWarszawa : _bMin. Hutn. I Przem. Masz., _c. |
||
| 300 |
_a18 stron ; _c30 cm. |
||
| 650 | _aPolska norma | ||
| 999 |
_c19676 _d19676 |
||